Internalising the social costs of transport = European Conference of Ministers of Transport; Organisation for Economic Co-operation and Development

Αποθηκεύτηκε σε:
Λεπτομέρειες βιβλιογραφικής εγγραφής
Συλλογικό Έργο: European Conference of Ministers of Transport, Organisation for Economic Co-operation and Development
Μορφή: Βιβλίο
Γλώσσα:English
Δημοσίευση: Paris : OECD, 1994
Θέματα:
Ετικέτες: Προσθήκη ετικέτας
Δεν υπάρχουν, Καταχωρήστε ετικέτα πρώτοι!

MARC

LEADER 00000nam a2200000 i 4500
001 1/3774
008 960424s1994 eng d
020 |a 92-64-14141-3 
035 |l 10015339 
040 |a GR-MY-UA  |b gre  |e aacr 
041 0 |a eng 
082 0 |a 388 
110 2 |a European Conference of Ministers of Transport. 
245 1 0 |a Internalising the social costs of transport =  |b European Conference of Ministers of Transport; Organisation for Economic Co-operation and Development 
260 |a Paris :   |b OECD,   |c 1994 
300 |a 191 p.  |b tables 
650 0 0 |a Transportation  |x Social aspects. 
710 2 |a Organisation for Economic Co-operation and Development. 
852 |a INST  |b LESVOS  |e 19960424  |h 388 INT  |p 005100010583  |q 005100010583  |t BK  |y 0 
909 |a Λ  |b 035622 
922 |a 1ΔΩΡ  |b 199406